<?xml version="1.0" encoding="UTF-8"?>
<record
    xmlns:xsi="http://www.w3.org/2001/XMLSchema-instance"
    xsi:schemaLocation="http://www.loc.gov/MARC21/slim http://www.loc.gov/standards/marcxml/schema/MARC21slim.xsd"
    xmlns="http://www.loc.gov/MARC21/slim">

  <leader>01146nam a22002295a 4500</leader>
  <datafield tag="999" ind1=" " ind2=" ">
    <subfield code="c">27036</subfield>
    <subfield code="d">27008</subfield>
  </datafield>
  <controlfield tag="003">EG-ScBUE</controlfield>
  <controlfield tag="005">20181210150705.0</controlfield>
  <controlfield tag="008">181210s2016    ua     frb    000 0 ara d</controlfield>
  <datafield tag="040" ind1=" " ind2=" ">
    <subfield code="a">EG-ScBUE</subfield>
    <subfield code="b">ara</subfield>
    <subfield code="c">EG-ScBUE</subfield>
    <subfield code="d">EG-ScBUE</subfield>
  </datafield>
  <datafield tag="043" ind1=" " ind2=" ">
    <subfield code="a">f-ua---</subfield>
  </datafield>
  <datafield tag="082" ind1="0" ind2="4">
    <subfield code="a">342.620664</subfield>
    <subfield code="b">&#x62D; &#x644; &#x648;</subfield>
    <subfield code="2">22</subfield>
  </datafield>
  <datafield tag="100" ind1="1" ind2=" ">
    <subfield code="a">&#x62D;&#x644;&#x648;&#x60C; &#x645;&#x627;&#x62C;&#x62F; &#x631;&#x627;&#x63A;&#x628;.</subfield>
  </datafield>
  <datafield tag="245" ind1="1" ind2="2">
    <subfield code="a">&#x627;&#x644;&#x642;&#x636;&#x627;&#x621; &#x627;&#x644;&#x625;&#x62F;&#x627;&#x631;&#x64A; :</subfield>
    <subfield code="b">&#x645;&#x628;&#x62F;&#x623; &#x627;&#x644;&#x645;&#x634;&#x631;&#x648;&#x639;&#x64A;&#x629; - &#x644;&#x62C;&#x627;&#x646; &#x627;&#x644;&#x62A;&#x648;&#x641;&#x64A;&#x642; &#x641;&#x64A; &#x627;&#x644;&#x645;&#x646;&#x627;&#x632;&#x639;&#x627;&#x62A; &#x627;&#x644;&#x625;&#x62F;&#x627;&#x631;&#x64A;&#x629; - &#x62A;&#x646;&#x638;&#x64A;&#x645; &#x627;&#x644;&#x642;&#x636;&#x627;&#x621; &#x627;&#x644;&#x625;&#x62F;&#x627;&#x631;&#x64A; - &#x627;&#x62E;&#x62A;&#x635;&#x627;&#x635; &#x627;&#x644;&#x642;&#x636;&#x627;&#x621; &#x627;&#x644;&#x625;&#x62F;&#x627;&#x631;&#x64A; - &#x648;&#x644;&#x627;&#x64A;&#x629; &#x627;&#x644;&#x642;&#x636;&#x627;&#x621; &#x627;&#x644;&#x625;&#x62F;&#x627;&#x631;&#x64A; - &#x642;&#x636;&#x627;&#x621; &#x627;&#x644;&#x625;&#x644;&#x63A;&#x627;&#x621; - &#x642;&#x636;&#x627;&#x621; &#x627;&#x644;&#x62A;&#x639;&#x648;&#x64A;&#x636; - &#x642;&#x636;&#x627;&#x621; &#x627;&#x644;&#x62A;&#x623;&#x62F;&#x64A;&#x628; - &#x642;&#x636;&#x627;&#x621; &#x627;&#x644;&#x62A;&#x633;&#x648;&#x64A;&#x629; - &#x627;&#x644;&#x637;&#x639;&#x646; &#x641;&#x64A; &#x627;&#x644;&#x623;&#x62D;&#x643;&#x627;&#x645; - &#x62F;&#x64A;&#x648;&#x627;&#x646; &#x627;&#x644;&#x645;&#x638;&#x627;&#x644;&#x645; /</subfield>
    <subfield code="c">&#x645;&#x627;&#x62C;&#x62F; &#x631;&#x627;&#x63A;&#x628; &#x627;&#x644;&#x62D;&#x644;&#x648;.</subfield>
  </datafield>
  <datafield tag="260" ind1=" " ind2=" ">
    <subfield code="a">&#x627;&#x644;&#x625;&#x633;&#x643;&#x646;&#x62F;&#x631;&#x64A;&#x629; :</subfield>
    <subfield code="b">&#x62F;&#x627;&#x631; &#x627;&#x644;&#x62C;&#x627;&#x645;&#x639;&#x629; &#x627;&#x644;&#x62C;&#x62F;&#x64A;&#x62F;&#x629;&#x60C;</subfield>
    <subfield code="c">2016.</subfield>
  </datafield>
  <datafield tag="300" ind1=" " ind2=" ">
    <subfield code="a">624 &#x635;. &#x61B;</subfield>
    <subfield code="c">24 &#x633;&#x645;.</subfield>
  </datafield>
  <datafield tag="504" ind1=" " ind2=" ">
    <subfield code="a">&#x64A;&#x634;&#x62A;&#x645;&#x644; &#x639;&#x644;&#x649; &#x625;&#x631;&#x62C;&#x627;&#x639;&#x627;&#x62A; &#x628;&#x628;&#x644;&#x64A;&#x648;&#x62C;&#x631;&#x627;&#x641;&#x64A;&#x629;.</subfield>
  </datafield>
  <datafield tag="650" ind1=" " ind2="7">
    <subfield code="a">&#x627;&#x644;&#x642;&#x636;&#x627;&#x621; &#x627;&#x644;&#x625;&#x62F;&#x627;&#x631;&#x64A;</subfield>
    <subfield code="z">&#x645;&#x635;&#x631;.</subfield>
    <subfield code="2">BUEsh</subfield>
  </datafield>
  <datafield tag="651" ind1=" " ind2=" ">
    <subfield code="2">BUEsh</subfield>
  </datafield>
  <datafield tag="653" ind1=" " ind2=" ">
    <subfield code="b">LLAAWW</subfield>
    <subfield code="c">December2018</subfield>
  </datafield>
  <datafield tag="655" ind1=" " ind2=" ">
    <subfield code="v">Reading book</subfield>
  </datafield>
  <datafield tag="942" ind1=" " ind2=" ">
    <subfield code="2">ddc</subfield>
  </datafield>
  <datafield tag="952" ind1=" " ind2=" ">
    <subfield code="0">0</subfield>
    <subfield code="1">0</subfield>
    <subfield code="2">ddc</subfield>
    <subfield code="4">0</subfield>
    <subfield code="7">0</subfield>
    <subfield code="8">Baccah</subfield>
    <subfield code="a">MAIN</subfield>
    <subfield code="b">MAIN</subfield>
    <subfield code="c">1ST</subfield>
    <subfield code="d">2018-12-10</subfield>
    <subfield code="e">Purchase</subfield>
    <subfield code="g">120.00</subfield>
    <subfield code="o">342.620664 &#x62D; &#x644; &#x648;</subfield>
    <subfield code="p">000044052</subfield>
    <subfield code="r">2025-12-03 00:00:00</subfield>
    <subfield code="s">2025-11-22</subfield>
    <subfield code="y">BB</subfield>
  </datafield>
  <datafield tag="952" ind1=" " ind2=" ">
    <subfield code="0">0</subfield>
    <subfield code="1">0</subfield>
    <subfield code="2">ddc</subfield>
    <subfield code="4">0</subfield>
    <subfield code="7">0</subfield>
    <subfield code="8">Baccah</subfield>
    <subfield code="a">MAIN</subfield>
    <subfield code="b">MAIN</subfield>
    <subfield code="c">1ST</subfield>
    <subfield code="d">2018-12-10</subfield>
    <subfield code="e">Purchase</subfield>
    <subfield code="g">120.00</subfield>
    <subfield code="o">342.620664 &#x62D; &#x644; &#x648;</subfield>
    <subfield code="p">000044053</subfield>
    <subfield code="q">2025-10-30</subfield>
    <subfield code="r">2025-09-30 00:00:00</subfield>
    <subfield code="s">2025-09-30</subfield>
    <subfield code="y">BB</subfield>
  </datafield>
</record>
